| 000 | 00776cam a22002171 4500 | ||
|---|---|---|---|
| 001 | 8913454 | ||
| 003 | BD-DhUL | ||
| 005 | 20190522101438.0 | ||
| 008 | 720125s1963 ncua 000 0 eng | ||
| 040 |
_aDLC _cODaWU _dOCoLC _dDLC _dBD-DhUL |
||
| 082 |
_a338.954 _bBRA |
||
| 100 | 1 |
_aBraibanti, Ralph J. D. _eed. |
|
| 245 | 1 | 0 |
_aAdministration and economic development in India / _cRalph Braibanti... [et. al.]. edited by Ralph Braibanti and Joseph J. Spengler. |
| 260 |
_aDurham, N.C. : _bDuke University Press, _c1963. |
||
| 300 |
_avi, 312 p. : _bill. ; _c24 cm. |
||
| 490 | 0 |
_aDuke University Commonwealth-Studies Center publications ; _v18 |
|
| 500 | _aIncludes index. | ||
| 651 | 0 |
_aIndia _xEconomic policy. |
|
| 700 | 1 |
_aSpengler, Joseph J. _ejt. ed. |
|
| 942 |
_2ddc _cBK |
||
| 999 |
_c71331 _d71331 |
||